América Central: fórmula de arreglo
Esquipulas II, firmado en 1987 es analizado por diferentes personalidades, quienes recalcan la importancia del proceso de paz, las perspectivas y obstáculos que interfieren en el mismo. Se le da especial atención al caso de Nicaragua, en su papel dentro del tratado, pues se afirma que Nicaragua hizo...
Na minha lista:
| Formato: | Texto |
|---|---|
| Assuntos: | |
| Tags: |
Adicionar Tag
Sem tags, seja o primeiro a adicionar uma tag!
|
MARC
| LEADER | 00000 a a2200000 04500 | ||
|---|---|---|---|
| 001 | 596 | ||
| 003 | |||
| 040 | |||
| 245 | |a América Central: |b fórmula de arreglo | ||
| 520 | |a Esquipulas II, firmado en 1987 es analizado por diferentes personalidades, quienes recalcan la importancia del proceso de paz, las perspectivas y obstáculos que interfieren en el mismo. Se le da especial atención al caso de Nicaragua, en su papel dentro del tratado, pues se afirma que Nicaragua hizo concesiones y con ello traicionó los intereses del Frente Farabundo Martí. Tanto en Nicaragua como en EL Salvador se analiza la intervención de los Estados Unidos y su papel protagónico en la región centroamericana. OB/JM | ||
| 650 | |a PLANES DE PAZ | ||
| 650 | |a INTERVENCION EXTRANJERA | ||
| 650 | |a PROBLEMAS POLITICOS | ||
| 650 | |a PROBLEMAS SOCIALES | ||
| 650 | |a ORGANIZACIONES REVOLUCIONARIAS | ||
| 650 | |a CRISIS ESTRUCTURAL | ||
| 650 | |a PAZ | ||
| 773 | |g número 10; páginas 32-42 | ||
| 999 | |c 27119 |d 27119 | ||
| 773 | 0 | |0 43008 |9 4567 |a Academia de Ciencias de la URSS |d Moscú: Academia de Ciencias de la URSS. Instituto de América Latina |o MFN: 0443 |t América Latina / |x 02077116 | |
